| 000 | 00703nam a22002297a 4500 | ||
|---|---|---|---|
| 999 |
_c20415 _d20415 |
||
| 003 | AR-CdUCM | ||
| 008 | 190313b ||||| |||| 00| 0 spa d | ||
| 040 |
_aMUNICIPALIDAD PROVINCIAL DEL CUSCO _cBIBLIOTECA MUNICIPAL DEL CUSCO |
||
| 082 |
_a985.009 / _bM41 |
||
| 100 |
_aCisneros, Luis Jaime _92230 |
||
| 245 | _aMariano Melgar / | ||
| 260 |
_aLima : _c1964. |
||
| 300 |
_a152 páginas ; _c20 cm. |
||
| 440 |
_aBiblioteca hombres del Perú _937520 |
||
| 440 |
_aTercera serie _92156 |
||
| 650 |
_aBiografías _9148 |
||
| 650 |
_aMariano Melgar _917098 |
||
| 650 |
_aJosé Galvez B. _917099 |
||
| 650 |
_aHombres del Perú - Biografías _92160 |
||
| 942 |
_2ddc _cLIBROS |
||
| 945 |
_adavv _d2019-05-30 |
||